|
|
|
|
| LEADER |
00000nab a2200000 a 4500 |
| 001 |
vtls000922535 |
| 003 |
SK-MaSNL |
| 005 |
20260303034627.0 |
| 008 |
040720e19971128xo 0 slo |
| 035 |
|
|
|a KE31412
|
| 040 |
|
|
|a KEVKJB
|b slo
|c KEVKJB
|e AACR2
|
| 041 |
0 |
|
|a slo
|
| 044 |
|
|
|a xo
|c SK
|
| 080 |
|
|
|a 001.94
|2 1981
|
| 100 |
0 |
|
|a (eb)
|4 aut
|9 853933
|
| 245 |
1 |
0 |
|a Ufológia v Košiciach aj o záhade kruhov v obilí
|
| 518 |
|
|
|a 28.11.1997-30.11.1997
|
| 650 |
0 |
7 |
|a UFO
|2 KEVKJB
|9 14781
|
| 650 |
0 |
7 |
|a kongresy stredoeurópske
|2 KEVKJB
|9 883229
|
| 650 |
0 |
7 |
|a roč. 6
|2 KEVKJB
|9 877405
|
| 650 |
0 |
7 |
|a prípravy
|2 KEVKJB
|9 315432
|
| 650 |
0 |
7 |
|a informácie
|2 KEVKJB
|9 1285
|
| 651 |
|
7 |
|a Košice (Slovensko)
|2 KEVKJB
|9 18694
|
| 651 |
|
7 |
|a KE,
|2 KEVKJB
|9 877256
|
| 655 |
|
7 |
|a periodikum
|2 snkbucl
|9 29553
|
| 773 |
0 |
8 |
|t Sme
|g Roč. 5, č.274, 28.11.1997, s. 3
|
| 852 |
|
|
|a ZVYKNI
|b KIS3GCP
|
| 999 |
|
|
|c 1674213
|d 1676143
|